header

Native peoples and water rights (Record no. 89307)

MARC details
000 -LEADER
fixed length control field 01939nam a2200445Ia 4500
082 04 - DEWEY DECIMAL CLASSIFICATION NUMBER
Classification number 346.7104/6910089970711
100 1# - MAIN ENTRY--AUTHOR NAME
Personal name Matsui, Kenichi,
245 10 - TITLE STATEMENT
Title Native peoples and water rights
260 ## - PUBLICATION, DISTRIBUTION, ETC. (IMPRINT)
Place of publication Montreal :
Name of publisher McGill-Queen's University Press,
Year of publication c2009.
300 ## - PHYSICAL DESCRIPTION
Number of Pages xviii, 243 p. :
Other physical details ill., maps, plan, ports.
490 1# - SERIES STATEMENT
Series statement McGill-Queen's native and northern series ;
650 #0 - SUBJECT ADDED ENTRY--TOPICAL TERM
Topical Term Water rights
Topical Term Water rights
Topical Term Indians of North America
Topical Term Irrigation laws
Topical Term Dams
Topical Term Agriculture and state
Topical Term Indians of North America
Topical Term Indians of North America
856 40 - ELECTRONIC LOCATION AND ACCESS
Uniform Resource Identifier http://site.ebrary.com/lib/rucke/Doc?id=10559001

No items available.

© 2026 Rongo University
Contact us: librarian | system librarian | Rongo university